Các nền văn hóa thế giới

Kaydedildi:
Detaylı Bibliyografya
Materyal Türü: Kitap
Dil:Undetermined
Baskı/Yayın Bilgisi: Hà Nội Từ điển Bách khoa 2005
Konular:
Etiketler: Etiketle
Etiket eklenmemiş, İlk siz ekleyin!
Thư viện lưu trữ: Trung tâm Học liệu Trường Đại học Cần Thơ
LEADER 00520nam a2200181Ia 4500
001 CTU_101104
008 210402s9999 xx 000 0 und d
020 |c 38000 
082 |a 909 
082 |b C101/T.2 
245 0 |a Các nền văn hóa thế giới 
245 0 |c Đặng Hữu Toàn ...[et al.] 
260 |a Hà Nội 
260 |b Từ điển Bách khoa 
260 |c 2005 
650 |a World civilization 
904 |i Tuyến 
980 |a Trung tâm Học liệu Trường Đại học Cần Thơ